Normal view
MARC view
- Kazim, Saad
Entry Personal Name
001 - CONTROL NUMBER
- control field: 19162
003 - CONTROL NUMBER IDENTIFIER
- control field: NUST
005 - DATE AND TIME OF LATEST TRANSACTION
- control field: 20190807054611.0
008 - FIXED-LENGTH DATA ELEMENTS
- fixed length control field: 190807|| aca||aabn | a|a d
040 ## - CATALOGING SOURCE
- Original cataloging agency: NUST
- Transcribing agency: NUST
100 ## - HEADING--PERSONAL NAME
- Personal name: Kazim, Saad
670 ## - SOURCE DATA FOUND
- Source citation: Work cat.: (NUST): Kazim, Saad, To Study Effect of Humor Appeal on Consumer Buying Behavior in CSD (Carbonated Soft Drink) Advertisements and Its Comparison with Emotional Appeal /, 2015.
